Los tesoros de las antiguas civilizaciones: mayas

Gardado en:
Detalles Bibliográficos
Autor Principal: Domenici, Davide (Author)
Formato: Libro
Idioma:Lingua castelá
Publicado: Barcelona RBA Libros 2007
Subjects:
Tags: Engadir etiqueta
Sen Etiquetas, Sexa o primeiro en etiquetar este rexistro!

MARC

LEADER 00000nam a2200000 a 4500
001 UCG2236
003 CL-VaPUC
008 100624e20070000SP |||||||||||||||||spa|d
020 |a 9788479010256 
082 0 4 |a 700  |b DOM  |2 21 
100 0 |a Domenici, Davide  |e author  |9 550643 
245 1 4 |a Los tesoros de las antiguas civilizaciones: mayas 
300 |a 207 p 
942 |c BK 
945 |d 20100624 00:00:00  |a dcastane 
260 |a Barcelona  |b RBA Libros  |c 2007 
650 0 |a Arte  |9 265238 
650 0 |a Arte maya   |9 363792 
650 0 |a Arte antiguo  |9 330766 
650 7 |a MAYAS HISTORIA  |2 CL-VaPUC  |9 268559 
583 |a last modification  |c 20100624 00:00:00  |k Rodrigo Vera 
999 |c 341464  |d 341462 
952 |0 0  |1 0  |4 0  |6 700_000000000000000_DOM_2007  |7 0  |8 C  |9 436978  |a BIBCUR  |b BIBCUR  |d 2019-11-22  |i 4668634  |o 700 DOM 2007  |p 4668634  |r 2025-04-22  |w 2019-11-22  |y BK  |k EXP